Les dernieus jours d'un philosophe

Guardado en:
Bibliografiske detaljer
Hovedforfatter: Davy, Humphry
Format: Bog
Sprog:Undetermined
Udgivet: París, Francia Ernest Flammarion [s.f.]
Udgivelse:11
Fag:
Tags: Tilføj Tag
Ingen Tags, Vær først til at tagge denne postø!

MARC

LEADER 00000nam a2200000Ia 4500
008 170316s9999 xx 000 0 und d
090 |a 100 D-6d 
100 |a Davy, Humphry 
245 |a Les dernieus jours d'un philosophe 
250 |a 11 
260 |a París, Francia 
260 |b Ernest Flammarion 
260 |c [s.f.] 
300 |a 366 páginas 
650 |a FILOSOFÍA 
999 |c 16077  |d 16077 
040 |a cru BVZT 
942 |c 15 D  |h 100 D-6d  |2 z